The toxicity of certain new chlorinated hydrocarbons to cotton pests.

Bibliographic Details
Main Author: Merkl, Marvin Eugene
Format: Thesis Book
Language:English
Published: [College Station, Tex.], [publisher not identified] ; 1953.
Subjects:
Online Access:Link to OAKTrust copy

MARC

Tag First Indicator Second Indicator Subfields
LEADER 00000cam a22000005 4500
001 in00000204530
005 20220104090731.0
008 791110s1953 txua 00000 eng d
035 |9 AAX1537AM 
035 |a (OCoLC)05672166 
040 |a TXA  |c TXA  |d UtOrBLW 
049 |a TXAD [Also in] [Archives]  |c 1 [214109]  |c 2 [214110] 
099 |a 1953  |a Disser-  |a tation  |a M563 
100 1 |a Merkl, Marvin Eugene. 
245 1 4 |a The toxicity of certain new chlorinated hydrocarbons to cotton pests. 
264 1 |a [College Station, Tex.],  |b [publisher not identified] ;  |c 1953. 
300 |a 85 pages :  |b illustrations 
336 |a text  |b txt  |2 rdacontent 
337 |a unmediated  |b n  |2 rdamedia 
338 |a volume  |b nc  |2 rdacarrier 
500 |a Typewritten. 
502 |b Ph.D. in Entomology  |c A. & M. College of Texas. 
650 4 |a Major entomology. 
856 4 1 |u https://hdl.handle.net/1969.1/ETD-TAMU-TXA0213693  |z Link to OAKTrust copy  |t 0 
999 |a MARS 
999 f f |s eef5a230-dcb3-3873-8294-a34defff2fe4  |i 77112dc2-c5ae-37e6-a804-a6eba26e9967  |t 0 
952 f f |p noncirc  |a Texas A&M University  |b J.J. Pickle Campus  |c High Density Repository  |d Remote Storage  |t 0  |e 1953 Dissertation M563  |h Other scheme  |i unmediated -- volume  |m A14840864695 
952 f f |a Texas A&M University  |b College Station  |c Electronic Resources  |d Available Online  |t 0  |e 1953 Dissertation M563  |h Other scheme 
998 f f |a 1953 Dissertation M563  |t 0  |l Remote Storage 
998 f f |a 1953 Dissertation M563  |t 0  |l Available Online